000 00732nam a2200217 a 4500
008 100726s2006 ||||||||||||||||| || u
020 _a0273694383
050 _aHF 5437 Lys
100 _aLysons, Kenneth
245 1 0 _aPurchasing and supply chain management. (7th ed.)
250 _a7th ed.
260 _aHarlow, England:
_bFT Prentice Hall
_c2006
300 _axix, 709p.: ill
350 _a0.00
650 0 _aBUSINESS--LOGISTICS
650 _aINDUSTRIAL PROCUREMENT
650 0 _aBUSINESS
650 0 _aPURCHASING
700 _aFarrington, Brian
995 _D0.00
_FCBU-MAIN LIBRARY (Kitwe)
_H1
_I0.00
_M1
_UAVAILABLE
_WAug 24, 2010
_ZMain Library Open Access Collection
999 _c55353
_d55353